logo

Bir Sreshtho Munshi Abdur Rouf Library
Jhenaidah Cadet College

The Guinness book of Olympic records : (Record no. 10002)

MARC details
000 -LEADER
fixed length control field 01048nam a22002652a 4500
001 - CONTROL NUMBER
JCCL Control Number 10002
003 - CONTROL NUMBER IDENTIFIER
JCCL marc code BD - JhCC
005 - DATE AND TIME OF LATEST TRANSACTION
control field 20180404105531.0
008 - FIXED-LENGTH DATA ELEMENTS--GENERAL INFORMATION
fixed length control field 180404s1980 enkac 000 0 eng d
020 ## - INTERNATIONAL STANDARD BOOK NUMBER
International Standard Book Number 0140047654 (pbk)
035 ## - SYSTEM CONTROL NUMBER
system control number OCLC ocm16482794 from D950925M
-- (BD - JhCC)10002
040 ## - CATALOGING SOURCE
Original cataloging agency UKM
Transcribing agency UKM
Modifying agency EQO
-- BD - JhCC
041 ## - LANGUAGE CODE
Language code of Book eng
050 #0 - LIBRARY OF CONGRESS CALL NUMBER
Classification number GV721.8
082 ## - DEWEY DECIMAL CLASSIFICATION NUMBER
Classification number 796.4/8/09
DDC Edition number 18
Author mark and Year GUI 1980
245 04 - TITLE STATEMENT
Title The Guinness book of Olympic records :
Remainder of title complete roll of Olympic medal winners (1896-1976, including 1906) for the 28 sports (7 winter and 21 summer) to be contested in the 1980 celebrations and other useful information /
Statement of responsibility, etc edited by Norris D. McWhirter and the late A. Ross McWhirter ; associate editor Stan Greenberg
260 ## - PUBLICATION, DISTRIBUTION, ETC. (IMPRINT)
Place of publication, distribution, etc Harmondsworth :
Name of publisher, distributor, etc Penguin,
Date of publication, distribution, etc 1980.
300 ## - PHYSICAL DESCRIPTION
Pagination x, 278 p. :
Other physical details ill., ports. ;
Dimensions 18 cm
650 #0 - SUBJECT ADDED ENTRY--TOPICAL TERM
Topical term or geographic name as entry element Olympics
General subdivision Records
700 1# - ADDED ENTRY--PERSONAL NAME
Personal name McWhirter, Norris,
Dates associated with a name 1925-2004.
700 1# - ADDED ENTRY--PERSONAL NAME
Personal name McWhirter, Ross,
Dates associated with a name 1925-1975.
700 1# - ADDED ENTRY--PERSONAL NAME
Personal name Greenberg, Stan,
Dates associated with a name 1931-
942 ## - ADDED ENTRY ELEMENTS (KOHA)
Source of classification or shelving scheme Dewey Decimal Classification
Koha item type Reference
Holdings
Source of classification or shelving scheme Damaged status Not for loan Home library Current library Shelving location Date of accession Total Checkouts Full call number Barcode Date last seen Copy number Koha item type
Dewey Decimal Classification     JCC Rouf Library JCC Rouf Library General Stacks 04/04/2018   796.4/8/09 GUI 1980 13236 04/04/2018 C-1 Reference

JCC Library | Contacts | JCC Home

Last Update on 23 September 2017
Copyright @ 2017-2020 JCC Rouf Library
Rouf Library, Jhenidah Cadet College (JCC), Bangladesh